Longest Borders Quiz - Statistics

General Stats
  • This quiz has been taken 32 times
  • The average score is 14 of 15
Answer Stats
Length Answer % Correct
6691 km Argentina/Chile
100%
3403 km Brazil/Bolivia
100%
2659 km Brazil/Peru
100%
8893 km Canada/United States of America
100%
2659 km China/India
100%
4630 km China/Mongolia
100%
4179 km China/Russia
100%
7644 km Russia/Kazakhstan
100%
3452 km Russia/Mongolia
100%
4142 km India/Bangladesh
95%
3190 km India/Pakistan
95%
3155 km United States of America/Mexico
95%
2646 km Democratic Republic of the Congo/Angola
89%
2670 km Afghanistan/Pakistan
74%
2567 km Republic of the Congo/Gabon
63%
No matching quizzes found
Score Distribution
Percent of People with Each Score
Percentile by Number Answered
Your Score History
You have not taken this quiz